Songs with "Heaven" in the Title - Statistics

General Stats
  • This quiz has been taken 140 times
  • The average score is 5 of 14
Answer Stats
Year Artist Song % Correct
1971 Led Zeppelin Stairway to Heaven
84%
1987 Belinda Carlisle Heaven is a Place on Earth
70%
1991 Eric Clapton Tears in Heaven
60%
1973 Bob Dylan Knockin' on Heaven's Door
47%
2012 Bruno Mars Locked Out of Heaven
46%
1987 The Cure Just Like Heaven
36%
1980 Black Sabbath Heaven {and} {Hell}
25%
1989 Pixies Monkey Gone to Heaven
24%
1990 Cocteau Twins Heaven {or} {Las} {Vegas}
15%
1989 Phil Collins {Something} {Happened} {On} {the} {Way} {to} Heaven
15%
1995 Alice in Chains Heaven {Beside} {You}
14%
1928 Gene Austin {My} {Blue} Heaven
11%
1991 Temple of the Dog {Say} {Hello} {2} Heaven
11%
2011 Coldplay {Hurts} {Like} Heaven
6%
No matching quizzes found
Score Distribution
Percent of People with Each Score
Percentile by Number Answered
Your Score History
You have not taken this quiz